| 000 | 00000nam 2200000za 4500 |
| 001 | 9.800088 |
| 003 | CaOODSP |
| 005 | 20240216111104 |
| 007 | cr ||||||||||| |
| 008 | 150421s2011 xxc |o f|0| 0 fre d |
| 040 | |aCaOODSP|bfre |
| 043 | |an-cn--- |
| 086 | |aR5-50/2011F-PDF |
| 110 | 1 |aCanada. |bAffaires autochtones et développement du Nord Canada. |bDirection générale de l'évaluation, de la mesure du rendement et de l'examen. |
| 245 | 10|aRapport final : |h[ressource électronique]|bévaluation de l'incidence de la Stratégie pour les Autochtones vivant en milieu urbain |c/ Direction générale de l'évaluation, de la mesure du rendement et de l'examen, Secteur de la vérification et de l'évaluation. |
| 246 | 3 |aÉvaluation de l'incidence de la Stratégie pour les Autochtones vivant en milieu urbain : |brapport final. |
| 260 | |a[Ottawa] : |bAffaires autochtones et Développement du Nord Canada, |cjuin 2011. |
| 300 | |a73 p. : |btableaux, figs. |
| 500 | |aÉgalement disponible en anglais sous le titre : Final report : impact evaluation of the Urban Aboriginal Strategy. |
| 692 | 07|2gccst|aProgramme pour autochtones |
| 692 | 07|2gccst|aÉtude d'impact |
| 775 | 08|tFinal report : |w(CaOODSP)9.800086 |
| 856 | 40|qPDF|s422 Ko|uhttps://publications.gc.ca/collections/collection_2015/aadnc-aandc/R5-50-2011-fra.pdf |
| 986 | |aNuméro de projet : 1570-7/09083 |